Statistiques concernant Manchester City Buteur

Cliquez ici pour prendre le quiz!

Statistiques générales

  • Ce quiz a été pris 74 fois
  • Le résultat moyen est 8 sur 25

Statistiques - réponses

Nb ButsJoueurTop% Correct
260Sergio Aguero1
94%
86Kevin De Bruyne4
80%
77David Silva7
66%
131Raheem Sterling2
66%
95Gabriel Jesus3
60%
48Bernardo Silva13
57%
79Yaya Toure5
57%
63Riyad Mahrez10
55%
72Edin Dzeko9
54%
39Leroy Sane20
46%
73Carlos Tevez8
45%
45Phil Foden18
38%
47Ilkay Gundogan15
35%
51Colin Bell12
14%
46Nicolas Anelka16
11%
48Shaun Wright-Phillips14
5%
32Dennis Tueart23
2%
46Niall Quinn17
2%
77Shaun Goater6
2%
36Uwe Rosler21
2%
31Darren Huckerby24
0%
36David White22
0%
58Francis Lee11
0%
30Joe Hayes25
0%
42Neil Young19
0%

Distribution des résultats

Percentile par nombre de réponses

% des personnes avec chaque résultat

Votre développement - résultats

Vous n’avez pas pris ce quiz